| 000 | 00963cam a22003015a 4500 | ||
|---|---|---|---|
| 001 | 017559349 | ||
| 003 | OSt | ||
| 005 | 20201128023710.0 | ||
| 008 | 150921t2016 enka frbd 001 0 eng d | ||
| 020 | _a9781292097480 (pbk.) | ||
| 020 | _a1292097485 (pbk) | ||
| 040 |
_aStDuBDS _beng _cStDuBDS _dEG-ScBUE |
||
| 082 | 0 | 4 |
_a658.40071173 _222 _bWHE |
| 100 | 1 |
_aWhetten, David A. _q(David Allred), _d1946- _935027 |
|
| 245 | 1 | 0 |
_aDeveloping management skills / _cDavid A. Whetten, Kim S. Cameron. |
| 250 | _a9th ed., Global ed. | ||
| 260 |
_aHarlow : _bPearson Education Limited, _cc.2016. |
||
| 300 |
_a643 p. : _bill. ; _c26 cm. |
||
| 500 | _aGlossary : p. 595-603. | ||
| 500 | _aIndex : p. 633-643. | ||
| 500 | _aIncludes student access code inside : My management Lab. | ||
| 504 | _aBibliography : p. 605-632. | ||
| 650 | 7 |
_aManagement. _2BUEsh _9553 |
|
| 651 | _2BUEsh | ||
| 653 |
_bBUSADM _cMarch2016 |
||
| 700 | 1 |
_aCameron, Kim S. _935030 |
|
| 942 | _2ddc | ||
| 999 |
_c21533 _d21505 |
||